Statistics for Fictional Princesses by Picture

Click here to take the quiz!

General Stats

  • This quiz has been taken 101 times
  • The average score is 10 of 16

Answer Stats

Answer% Correct
Cinderella
98%
Leia Organa
89%
Peach Toadstool
89%
Fiona
87%
Zelda
85%
Anna of Arendelle
84%
Mulan
83%
Buttercup
59%
Xena
58%
Sailor Moon
52%
Daenerys Targaryen
46%
Mononoke
37%
Bonnibel Bubblegum
32%
Arwen
29%
Twilight Sparkle
28%
Mia Thermopolis
26%

Score Distribution

Percentile by Number Answered

Percent of People with Each Score

Your Score History

You have not taken this quiz